[Event "St Petersburg-ch (Women) 88th"]
[Site "St Petersburg"]
[Date "2020.09.27"]
[Round "6"]
[White "Petrova, Varvara"]
[Black "Vorobyova, Ekaterina"]
[Result "1-0"]
[WhiteElo "1586"]
[BlackElo "1788"]
[PlyCount "129"]
[EventDate "2020.09.22"]
[EventType "swiss"]
[EventRounds "9"]
[EventCountry "RUS"]
[SourceTitle "EXT 2021"]
[Source "ChessBase"]
[SourceDate "2020.10.23"]
[SourceVersion "1"]
[SourceVersionDate "2020.10.23"]
[SourceQuality "1"]

1. e4 e5 2. Nf3 Nc6 3. Bb5 a6 4. Ba4 Nf6 5. Qe2 b5 6. Bb3 Bc5 7. c3 d6 8. a4 Rb8 9. axb5 axb5 10. 0-0 0-0 11. d3 h6 12. Be3 Bg4 13. Nbd2 Qe7 14. Rfe1 b4 15. Ba4 Bxe3 16. Qxe3 Bd7 17. Bxc6 Bxc6 18. c4 Ra8 19. Nh4 Bd7 20. Nhf3 c5 21. Nf1 Nh5 22. Ng3 Nf4 23. d4 Rfc8 24. d5 Bg4 25. Nd2 h5 26. f3 Bd7 27. Ne2 Qf6 28. Nf1 h4 29. Nxf4 exf4 30. Qf2 Ba4 31. g3 hxg3 32. hxg3 Bb3 33. Rxa8 Rxa8 34. e5 Qg6 35. exd6 Qxd6 36. Nd2 fxg3 37. Qe3 Bc2 38. f4 Qh6 39. Qxg3 Ra6 40. Qh2 Qg6+ 41. Kf2 f6 42. Qg3 Qf5 43. Qf3 Qd7 44. Qe3 Kf7 45. Qxc5 Ra8 46. d6 Re8 47. Qd5+ Re6 48. c5 f5 49. Nc4 Kf6 50. Rxe6+ Qxe6 51. Qxe6+ Kxe6 52. Nb6 Be4 53. Kg3 Bc6 54. Kh4 Kf6 55. d7 Ke7 56. Kg5 Be4 57. Kg6 b3 58. Kxg7 Bc6 59. Kg6 Be4 60. Kg5 Bd3 61. c6 Kd8 62. Nd5 Bb5 63. Nb4 Bf1 64. Kxf5 Ke7 65. Ke5 1-0

[Event "St Petersburg-ch (Women) 88th"]
[Site "St Petersburg"]
[Date "2020.09.24"]
[Round "3"]
[White "Vorobyova, Ekaterina"]
[Black "Styazhkina, Anna"]
[Result "0-1"]
[WhiteElo "1788"]
[BlackElo "2289"]
[PlyCount "64"]
[EventDate "2020.09.22"]
[EventType "swiss"]
[EventRounds "9"]
[EventCountry "RUS"]
[SourceTitle "EXT 2021"]
[Source "ChessBase"]
[SourceDate "2020.10.23"]
[SourceVersion "1"]
[SourceVersionDate "2020.10.23"]
[SourceQuality "1"]

1. e4 e5 2. Nf3 Nc6 3. c3 Nf6 4. d4 d6 5. Bb5 Bd7 6. d5 Nb8 7. Bd3 g6 8. 0-0 Bg7 9. h3 0-0 10. Bg5 h6 11. Be3 Nh5 12. Qd2 Kh7 13. Na3 f5 14. Qd1 Nf6 15. Qc2 f4 16. Bd2 g5 17. c4 g4 18. hxg4 Bxg4 19. Be2 Nbd7 20. b4 b6 21. Nb5 a6 22. Nc3 Qe8 23. Qd3 Rg8 24. Bxf4 exf4 25. e5+ Kh8 26. exf6 Bxf6 27. Rfe1 Qh5 28. Rec1 Rae8 29. Rab1 Bf5 30. Qd2 Rxg2+ 31. Kxg2 Qh3+ 32. Kg1 Rg8+ 0-1

[Event "Chigorin Memorial 27th"]
[Site "St Petersburg"]
[Date "2019.10.13"]
[Round "9"]
[White "Putrenko, Kirill"]
[Black "Vorobyova, Ekaterina"]
[Result "1-0"]
[WhiteElo "1974"]
[BlackElo "1748"]
[PlyCount "43"]
[EventDate "2019.10.05"]
[EventType "swiss"]
[EventRounds "9"]
[EventCountry "RUS"]
[SourceTitle "EXT 2021"]
[Source "ChessBase"]
[SourceDate "2020.10.23"]
[SourceVersion "1"]
[SourceVersionDate "2020.10.23"]
[SourceQuality "1"]

1. d4 d5 2. c4 e6 3. Nc3 c5 4. cxd5 exd5 5. Nf3 Nc6 6. g3 Nf6 7. Bg2 Be7 8. 0-0 0-0 9. Bg5 cxd4 10. Nxd4 Bg4 11. Qa4 Qd7 12. Nb3 d4 13. Rfd1 Qf5 14. Bxf6 Bxf6 15. Bxc6 dxc3 16. Bd7 Qg6 17. Qxg4 c2 18. Rd2 Bxb2 19. Qxg6 hxg6 20. Rf1 Rac8 21. Bxc8 Rxc8 22. Nc1 1-0

[Event "Chigorin Memorial 27th"]
[Site "St Petersburg"]
[Date "2019.10.12"]
[Round "8"]
[White "Vorobyova, Ekaterina"]
[Black "Trofimov, Ivan"]
[Result "1-0"]
[WhiteElo "1748"]
[BlackElo "2014"]
[PlyCount "45"]
[EventDate "2019.10.05"]
[EventType "swiss"]
[EventRounds "9"]
[EventCountry "RUS"]
[SourceTitle "EXT 2021"]
[Source "ChessBase"]
[SourceDate "2020.10.23"]
[SourceVersion "1"]
[SourceVersionDate "2020.10.23"]
[SourceQuality "1"]

1. e4 c5 2. Nc3 Nc6 3. g3 g6 4. Bg2 Bg7 5. d3 e6 6. Be3 b6 7. Qd2 Bb7 8. Nge2 Nge7 9. Bh6 0-0 10. h4 f5 11. h5 Rf7 12. hxg6 hxg6 13. 0-0-0 d6 14. Rh2 Qd7 15. Rdh1 Kf8 16. Qg5 Ke8 17. Bxg7 Rxg7 18. Nf4 Ng8 19. exf5 gxf5 20. Qh5+ Kd8 21. Qh8 Nd4 22. Bxb7 Qxb7 23. Rh7 1-0

[Event "Chigorin Memorial 27th"]
[Site "St Petersburg"]
[Date "2019.10.09"]
[Round "5"]
[White "Svidinsky, Dmitry"]
[Black "Vorobyova, Ekaterina"]
[Result "0-1"]
[WhiteElo "2033"]
[BlackElo "1748"]
[PlyCount "76"]
[EventDate "2019.10.05"]
[EventType "swiss"]
[EventRounds "9"]
[EventCountry "RUS"]
[SourceTitle "EXT 2020"]
[Source "ChessBase"]
[SourceDate "2019.10.17"]
[SourceVersion "1"]
[SourceVersionDate "2019.10.17"]
[SourceQuality "1"]

1. d4 d5 2. c4 e6 3. Nf3 c5 4. cxd5 exd5 5. g3 Nc6 6. Bg2 Nf6 7. 0-0 Be7 8. Nc3 cxd4 9. Nxd4 0-0 10. Bg5 Bg4 11. Rc1 h6 12. Be3 Qd7 13. Re1 Bh3 14. Bh1 Ng4 15. Nxd5 Nxe3 16. fxe3 Bg5 17. Nxc6 bxc6 18. Nf4 Qf5 19. Qd3 Bxf4 20. exf4 Qf6 21. Qc3 Qe6 22. b3 Rac8 23. Bf3 Rc7 24. Red1 Rfc8 25. Rd2 c5 26. Bd5 Qb6 27. Qc4 h5 28. Rcd1 h4 29. Be4 Re7 30. Rd6 Qb8 31. Qd3 Rce8 32. Rd8 Qb6 33. Rxe8+ Rxe8 34. Bf3 c4+ 35. Qd4 Rd8 36. e3 Rxd4 37. exd4 cxb3 38. axb3 Qxb3 0-1

[Event "Chigorin Memorial 26th"]
[Site "St Petersburg"]
[Date "2018.10.29"]
[Round "3"]
[White "Gogin, Maksim"]
[Black "Vorobyova, Ekaterina"]
[Result "1-0"]
[WhiteElo "2310"]
[BlackElo "1874"]
[PlyCount "103"]
[EventDate "2018.10.27"]
[EventType "swiss"]
[EventRounds "9"]
[EventCountry "RUS"]
[SourceTitle "CBM 187 Extra"]
[Source "ChessBase"]
[SourceDate "2018.11.04"]
[SourceVersion "1"]
[SourceVersionDate "2018.11.04"]
[SourceQuality "1"]

1. d4 d5 2. Nf3 Nf6 3. c4 e6 4. Nc3 Be7 5. Bf4 c6 6. e3 0-0 7. h3 Re8 8. a3 Nbd7 9. Rc1 Nf8 10. Bd3 Ng6 11. Bg3 Bd6 12. Bxd6 Qxd6 13. 0-0 b6 14. cxd5 exd5 15. Qc2 Bb7 16. b4 Rac8 17. Bf5 Rcd8 18. Rfd1 Qe7 19. Qa4 a6 20. Qb3 Ne4 21. Bxg6 hxg6 22. Nxe4 Qxe4 23. a4 Rd6 24. Ne5 f6 25. Nd3 Bc8 26. Qa3 b5 27. axb5 axb5 28. Qa7 g5 29. Qc7 Qe6 30. Nc5 Qe7 31. Qxe7 Rxe7 32. Ra1 Kf7 33. Ra8 Be6 34. Rda1 Kg6 35. R1a7 Rxa7 36. Rxa7 f5 37. f4 gxf4 38. exf4 Kf6 39. Kf2 Kg6 40. Kf3 Kh6 41. Re7 Bg8 42. g4 fxg4+ 43. hxg4 Bh7 44. f5 Rf6 45. Kf4 g5+ 46. Ke5 Rf8 47. Re6+ Kg7 48. Rxc6 Bg8 49. Rc7+ Rf7 50. Ne6+ Kh6 51. Rxf7 Bxf7 52. Kf6 1-0

[Event "World School-ch U13 Girls"]
[Site "Sochi"]
[Date "2016.12.03"]
[Round "1"]
[White "Vorobyova, Ekaterina"]
[Black "Diaz, Luisa Fernanda"]
[Result "1-0"]
[WhiteElo "1617"]
[BlackElo "1865"]
[PlyCount "89"]
[EventDate "2016.12.03"]
[EventType "swiss"]
[EventRounds "9"]
[EventCountry "RUS"]
[SourceTitle "EXT 2018"]
[Source "ChessBase"]
[SourceDate "2017.10.13"]
[SourceVersion "1"]
[SourceVersionDate "2017.10.13"]
[SourceQuality "1"]

1. e4 c5 2. c3 Nf6 3. e5 Nd5 4. d4 cxd4 5. Nf3 d6 6. exd6 e6 7. Bb5+ Nd7 8. Qxd4 a6 9. Ba4 Qb6 10. 0-0 Qxd4 11. Nxd4 Bxd6 12. Nd2 0-0 13. Ne4 Bc7 14. Bd2 N7f6 15. Bc2 Nxe4 16. Bxe4 Nf6 17. Bc2 b6 18. Bg5 Nd7 19. Be4 Ra7 20. Nc6 Bb7 21. Bf3 Bxc6 22. Bxc6 Ne5 23. Be4 Bb8 24. Rad1 Rd7 25. Rxd7 Nxd7 26. Rd1 Ne5 27. Bd8 Ba7 28. Bc7 Ng4 29. h3 Nf6 30. Bf3 h6 31. Kf1 Rc8 32. Rd8+ Rxd8 33. Bxd8 Nd7 34. Ke2 Kf8 35. Bc6 Ne5 36. Bb7 a5 37. Bc7 Ng6 38. Kd3 Ke7 39. Bc6 Nf8 40. Kc4 Nd7 41. Kb5 Nc5 42. b4 axb4 43. cxb4 Nd3 44. a3 Nxf2 45. Ka6 1-0

[Event "Chigorin Memorial 24th"]
[Site "St Petersburg"]
[Date "2016.10.18"]
[Round "4"]
[White "Kopasov, Evgeny Aleksandrovi"]
[Black "Vorobyova, Ekaterina"]
[Result "1-0"]
[WhiteElo "1993"]
[BlackElo "1668"]
[PlyCount "79"]
[EventDate "2016.10.15"]
[EventType "swiss"]
[EventRounds "9"]
[EventCountry "RUS"]
[SourceTitle "CBM 175 Extra"]
[Source "ChessBase"]
[SourceDate "2016.12.12"]
[SourceVersion "1"]
[SourceVersionDate "2016.12.12"]
[SourceQuality "1"]

1. d4 d5 2. Bf4 Nf6 3. e3 e6 4. Nd2 c5 5. c3 Nc6 6. Ngf3 Qb6 7. Rb1 cxd4 8. exd4 Be7 9. Bd3 0-0 10. 0-0 Nh5 11. Bg5 Qd8 12. Bxe7 Qxe7 13. Ne5 Nf4 14. Bc2 f6 15. Nd3 Ng6 16. f4 Bd7 17. Nf3 Rae8 18. Qd2 e5 19. fxe5 fxe5 20. dxe5 Ncxe5 21. Ndxe5 Nxe5 22. Qxd5+ Nf7 23. Rbe1 Qd8 24. Qxb7 Rxe1 25. Rxe1 Bg4 26. Qe4 Qb6+ 27. Kh1 Qg6 28. Qxg6 hxg6 29. Bxg6 Nd8 30. Be4 Be6 31. b3 a5 32. Ng5 Bd7 33. Bd5+ Kh8 34. Kg1 Rf5 35. Rd1 Rxg5 36. Bf3 Nf7 37. Rxd7 Ne5 38. Rd8+ Kh7 39. Be4+ Ng6 40. Rd6 1-0

[Event "EU-ch U12 Girls 26th"]
[Site "Prague"]
[Date "2016.08.27"]
[Round "9"]
[White "Vorobyova, Ekaterina"]
[Black "Smetisko, Lucija"]
[Result "0-1"]
[WhiteElo "1686"]
[BlackElo "1555"]
[PlyCount "134"]
[EventDate "2016.08.18"]
[EventType "swiss"]
[EventRounds "9"]
[EventCountry "CZE"]
[SourceTitle "CBM 174 Extra"]
[Source "ChessBase"]
[SourceDate "2016.10.10"]
[SourceVersion "1"]
[SourceVersionDate "2016.10.10"]
[SourceQuality "1"]

1. e4 e5 2. d4 exd4 3. Qxd4 Nc6 4. Qe3 Nf6 5. Nc3 Bb4 6. Bd2 0-0 7. 0-0-0 Re8 8. Bc4 Bxc3 9. Bxc3 Nxe4 10. Qf4 Nf6 11. Bxf6 Qxf6 12. Qxc7 Qxf2 13. Nh3 Qe3+ 14. Kb1 Qe5 15. Qxe5 Nxe5 16. Rhe1 Kf8 17. Bb3 f6 18. Nf4 b6 19. Nd5 Rb8 20. Nc7 Re7 21. Nd5 Re6 22. Nc7 Rc6 23. Nb5 Ba6 24. Nd6 Rd8 25. Nf5 Bc4 26. Nd4 Rcc8 27. Bxc4 Rxc4 28. Ne6+ dxe6 29. Rxd8+ Ke7 30. Ra8 Rc7 31. h3 Nc6 32. Re3 e5 33. Rg3 g6 34. Rh8 Ke6 35. Rc3 f5 36. b4 a6 37. Ra8 Kd7 38. Rxa6 Nxb4 39. Rxc7+ Kxc7 40. Ra7+ Kd6 41. Rxh7 e4 42. a3 Nd5 43. Kc1 e3 44. Rg7 Ne7 45. Kd1 f4 46. Rf7 Nd5 47. Ke1 Ke6 48. Rf8 g5 49. c4 Nf6 50. Rb8 Nd7 51. Rg8 Kf6 52. Ke2 Ne5 53. Rc8 Ke6 54. g3 Kf5 55. c5 bxc5 56. Rxc5 Ke4 57. gxf4 gxf4 58. Rxe5+ Kxe5 59. a4 Ke4 60. a5 f3+ 61. Kf1 e2+ 62. Kf2 Kd3 63. a6 Kd2 64. a7 e1Q+ 65. Kxf3 Qe3+ 66. Kg4 Qxa7 67. h4 Qh7 0-1

[Event "EU-ch U12 Girls 26th"]
[Site "Prague"]
[Date "2016.08.25"]
[Round "7"]
[White "Vorobyova, Ekaterina"]
[Black "Juhasz, Judit"]
[Result "1-0"]
[WhiteElo "1686"]
[BlackElo "1927"]
[PlyCount "49"]
[EventDate "2016.08.18"]
[EventType "swiss"]
[EventRounds "9"]
[EventCountry "CZE"]
[SourceTitle "CBM 174 Extra"]
[Source "ChessBase"]
[SourceDate "2016.10.10"]
[SourceVersion "1"]
[SourceVersionDate "2016.10.10"]
[SourceQuality "1"]

1. d4 Nf6 2. Nc3 g6 3. Bg5 Bg7 4. e4 d6 5. f3 Nbd7 6. Qd2 0-0 7. 0-0-0 c5 8. Nge2 Rb8 9. dxc5 dxc5 10. e5 Ne8 11. Bh6 Qa5 12. Bxg7 Kxg7 13. f4 b5 14. Kb1 b4 15. Nd5 e6 16. Ne7 Nxe5 17. fxe5 Bb7 18. Qg5 h6 19. Qg4 Qc7 20. Nxg6 fxg6 21. Nf4 Rxf4 22. Qxf4 Qe7 23. Bd3 Nc7 24. Qg4 Qe8 25. Bxg6 1-0

[Event "EU-ch U12 Girls 26th"]
[Site "Prague"]
[Date "2016.08.22"]
[Round "5"]
[White "Vorobyova, Ekaterina"]
[Black "Rahulan, Thivyaa"]
[Result "1-0"]
[WhiteElo "1686"]
[BlackElo "1428"]
[PlyCount "41"]
[EventDate "2016.08.18"]
[EventType "swiss"]
[EventRounds "9"]
[EventCountry "CZE"]
[SourceTitle "CBM 174 Extra"]
[Source "ChessBase"]
[SourceDate "2016.10.10"]
[SourceVersion "1"]
[SourceVersionDate "2016.10.10"]
[SourceQuality "1"]

1. e4 d5 2. exd5 Nf6 3. Bb5+ Bd7 4. Bc4 Bg4 5. f3 Bf5 6. c3 Nxd5 7. Qb3 e6 8. Qxb7 Nb6 9. Bb5+ N8d7 10. Ne2 e5 11. 0-0 a5 12. d4 Rb8 13. Bxd7+ Nxd7 14. Qd5 Bd3 15. Re1 Rb5 16. Qc6 Be7 17. Nd2 Qb8 18. f4 e4 19. c4 Rb6 20. Qd5 Qa7 21. Nxe4 1-0

[Event "RUS-chT U18"]
[Site "St Petersburg"]
[Date "2015.08.08"]
[Round "8.48"]
[White "Vorobyova, Ekaterina"]
[Black "Granovskaya, Ekaterina"]
[Result "1-0"]
[WhiteElo "1673"]
[BlackElo "1626"]
[PlyCount "78"]
[EventDate "2015.08.01"]
[EventType "team-swiss"]
[EventRounds "9"]
[EventCountry "RUS"]
[SourceTitle "CBM 167 Extra"]
[Source "ChessBase"]
[SourceDate "2015.09.14"]
[SourceVersion "1"]
[SourceVersionDate "2015.09.14"]
[SourceQuality "1"]
[WhiteTeam "SDYuSShOR SS II"]
[BlackTeam "Moscow Palace Youth III"]
[WhiteTeamCountry "RUS"]
[BlackTeamCountry "RUS"]

1. e4 e5 2. d4 exd4 3. Qxd4 Nc6 4. Qe3 g6 5. Nc3 Bg7 6. Bd2 Nf6 7. 0-0-0 0-0 8. Bc4 d6 9. f3 Re8 10. Nge2 Na5 11. Bb3 Be6 12. g4 Bc4 13. g5 Nd7 14. h4 d5 15. Qf2 Nxb3+ 16. cxb3 Bxe2 17. Qxe2 d4 18. Nd5 c6 19. Nf4 Rc8 20. Rdg1 Nf8 21. h5 Qe7 22. Kb1 b6 23. hxg6 fxg6 24. Nd3 c5 25. Nf2 b5 26. Rc1 Qf7 27. Ng4 Qe6 28. Rhe1 Re7 29. e5 Nd7 30. f4 Nb6 31. Nf6+ Bxf6 32. gxf6 Qf5+ 33. Qe4 Qxe4+ 34. Rxe4 Re6 35. Ba5 Nd5 36. Rxd4 cxd4 37. Rxc8+ Kf7 38. Rh8 Nxf4 39. Rxh7+ Kf8 1-0

[Event "RUS-chT U18"]
[Site "St Petersburg"]
[Date "2015.08.01"]
[Round "1.40"]
[White "Vorobyova, Ekaterina"]
[Black "Tikhonova, Dariya"]
[Result "0-1"]
[WhiteElo "1673"]
[BlackElo "1753"]
[PlyCount "118"]
[EventDate "2015.08.01"]
[EventType "team-swiss"]
[EventRounds "9"]
[EventCountry "RUS"]
[SourceTitle "CBM 167 Extra"]
[Source "ChessBase"]
[SourceDate "2015.09.14"]
[SourceVersion "1"]
[SourceVersionDate "2015.09.14"]
[SourceQuality "1"]
[WhiteTeam "SDYuSShOR SS II"]
[BlackTeam "Pskov Region"]
[WhiteTeamCountry "RUS"]
[BlackTeamCountry "RUS"]

1. e4 c5 2. c3 g6 3. d4 cxd4 4. cxd4 d5 5. e5 Nc6 6. Nf3 Bg4 7. Be3 Bg7 8. Be2 Nh6 9. h3 Bxf3 10. Bxf3 Nf5 11. 0-0 e6 12. Nc3 f6 13. Bg4 fxe5 14. Bxf5 exf5 15. dxe5 d4 16. Qb3 dxe3 17. Qxb7 exf2+ 18. Rxf2 Ne7 19. Rc1 0-0 20. Rd1 Rb8 21. Qxa7 Nc6 22. Qa4 Qe8 23. Qc4+ Kh8 24. e6 Rb4 25. Qd5 Rd4 26. Rxd4 Bxd4 27. Nb5 Bxf2+ 28. Kxf2 Nd8 29. Qe5+ Kg8 30. e7 Rf7 31. exd8Q Qxd8 32. Qe6 Qd2+ 33. Kg1 Qd7 34. Qc4 Kg7 35. Qc3+ Rf6 36. a4 Qc6 37. Qe5 Kf7 38. Nd4 Qd6 39. Qe3 Qb6 40. Kh1 Rd6 41. Nc2 Qxe3 42. Nxe3 Ra6 43. b3 Rb6 44. a5 Rxb3 45. Nc4 Rb4 46. Ne5+ Kf6 47. Nd7+ Ke7 48. Ne5 Rb5 49. Nc4 Rc5 50. Ne3 Rxa5 51. g4 f4 52. Nc4 Rc5 53. Nb6 Ke6 54. Na4 Rc2 55. h4 Ke5 56. h5 f3 57. hxg6 hxg6 58. Nb6 Kf4 59. Nd5+ Kg3 0-1